[Event "Kowalewo Pomorskie op-B"]
[Site "Kowalewo Pomorskie"]
[Date "2008.07.08"]
[Round "5.12"]
[White "Rychlik, Bogdan"]
[Black "Kirsz, Krzysztof"]
[Result "1-0"]
[WhiteElo "1900"]
[BlackElo "1735"]
[PlyCount "65"]
[EventDate "2008.07.04"]
[EventType "swiss"]
[EventRounds "9"]
[EventCountry "POL"]
[SourceTitle "EXT 2023"]
[Source "ChessBase"]
[SourceDate "2022.10.05"]
[SourceVersion "1"]
[SourceVersionDate "2022.10.05"]
[SourceQuality "1"]

1. e4 c5 2. Nf3 Nc6 3. d4 cxd4 4. Nxd4 d6 5. Nc3 g6 6. Be3 Bg7 7. Qd2 Nf6 8. f3 a6 9. 0-0-0 0-0 10. Bc4 Bd7 11. h4 Rc8 12. Bb3 Na5 13. h5 Nxb3+ 14. axb3 b5 15. hxg6 fxg6 16. Bh6 b4 17. Nce2 Qa5 18. Kb1 e5 19. Bxg7 Kxg7 20. Nf5+ gxf5 21. Qg5+ Kf7 22. Rxd6 Ke7 23. Rhd1 Rcd8 24. R1d5 Bb5 25. Rxd8 Rxd8 26. Rxe5+ Kf7 27. Rxf5 Qb6 28. e5 Bxe2 29. Rxf6+ Qxf6 30. Qxf6+ Ke8 31. Qh8+ Kd7 32. Qxh7+ Kc8 33. Qe4 1-0

[Event "Kowalewo Pomorskie op-B"]
[Site "Kowalewo Pomorskie"]
[Date "2008.07.06"]
[Round "3.16"]
[White "Pawlowski, Pawel"]
[Black "Kirsz, Krzysztof"]
[Result "0-1"]
[WhiteElo "1910"]
[BlackElo "1735"]
[PlyCount "80"]
[EventDate "2008.07.04"]
[EventType "swiss"]
[EventRounds "9"]
[EventCountry "POL"]
[SourceTitle "EXT 2023"]
[Source "ChessBase"]
[SourceDate "2022.10.05"]
[SourceVersion "1"]
[SourceVersionDate "2022.10.05"]
[SourceQuality "1"]

1. e4 c5 2. Nf3 Nc6 3. Nc3 g6 4. Bc4 Bg7 5. 0-0 d6 6. h3 Nf6 7. d3 0-0 8. Bg5 a6 9. Rb1 Bd7 10. Qd2 b5 11. Bd5 Rc8 12. Rfe1 e6 13. Bxc6 Bxc6 14. Ne2 Qc7 15. Bh6 c4 16. Qg5 e5 17. Ng3 Bd7 18. Bxg7 Kxg7 19. d4 h6 20. Qe3 Rfe8 21. d5 Qc5 22. Qc1 a5 23. Re3 Rb8 24. a3 Rec8 25. c3 a4 26. Nh2 Rf8 27. Qd2 Rbe8 28. Rbe1 Qc8 29. Rf1 Qc5 30. Kh1 Bc8 31. Qe2 Bd7 32. f3 h5 33. Qf2 h4 34. Ne2 Nh5 35. f4 exf4 36. Nxf4 Ng3+ 37. Kg1 Nxf1 38. Nxf1 f5 39. Kh2 Rxe4 40. Qxh4 Rxe3 0-1

[Event "POL-ch Army"]
[Site "Kolobrzeg"]
[Date "2008.03.12"]
[Round "6"]
[White "Kirsz, Krzysztof"]
[Black "Kapral, Krzysztof"]
[Result "0-1"]
[WhiteElo "1742"]
[BlackElo "2166"]
[PlyCount "74"]
[EventDate "2008.03.11"]
[EventType "swiss"]
[EventRounds "9"]
[EventCountry "POL"]
[SourceTitle "EXT 2010"]
[Source "ChessBase"]
[SourceDate "2010.11.25"]
[SourceVersion "1"]
[SourceVersionDate "2010.11.25"]
[SourceQuality "1"]

1. e4 c5 2. Nc3 Nc6 3. f4 d6 4. Nf3 g6 5. Bc4 Bg7 6. Ng5 e6 7. 0-0 a6 8. Qe1 b5 9. Be2 Nd4 10. Qd1 b4 11. Na4 Qa5 12. c3 Nxe2+ 13. Kh1 Nxc1 14. Rxc1 Bd7 15. b3 Bxa4 16. bxa4 Ne7 17. cxb4 Qxb4 18. Rb1 Qd4 19. Qb3 h6 20. Qb7 Rd8 21. Nf3 Qxa4 22. Rb2 Bxb2 23. Qxb2 0-0 24. Qf6 Nc6 25. g4 Qxe4 26. g5 h5 27. Kg1 Nd4 28. Nxd4 Qxd4+ 29. Qxd4 cxd4 30. Rb1 Rb8 31. Rc1 Rfc8 32. Re1 Rc2 33. f5 gxf5 34. Re2 Rbb2 35. g6 Rxd2 36. gxf7+ Kxf7 37. Rxd2 Rxd2 0-1

[Event "POL-chT3 Kujawsko Pomorskie 0708"]
[Site "Poland"]
[Date "2008.01.13"]
[Round "5.16"]
[White "Kirsz, Krzysztof"]
[Black "Grajczak, Adrian"]
[Result "1/2-1/2"]
[WhiteElo "1742"]
[BlackElo "1995"]
[PlyCount "70"]
[EventDate "2007.11.04"]
[EventType "team-tourn"]
[EventRounds "11"]
[EventCountry "POL"]
[SourceTitle "EXT 2019"]
[Source "ChessBase"]
[SourceDate "2018.10.10"]
[SourceVersion "1"]
[SourceVersionDate "2018.10.10"]
[SourceQuality "1"]

1. e4 c5 2. Nc3 g6 3. f4 Bg7 4. Nf3 Nc6 5. Bc4 e6 6. 0-0 Nge7 7. e5 d5 8. exd6 Nf5 9. Ne4 Nxd6 10. d3 b6 11. Bb3 0-0 12. c3 Ba6 13. Re1 Nf5 14. Bc4 Bb7 15. Qe2 h5 16. Rd1 Rc8 17. Be3 Nxe3 18. Qxe3 Ne7 19. Bb3 Nf5 20. Qe2 Qc7 21. g3 Rfd8 22. Neg5 Bd5 23. Ne5 Nh6 24. Bxd5 Rxd5 25. Nxg6 Re8 26. Nh4 e5 27. Qe4 Qd7 28. Qh7+ Kf8 29. f5 Rxd3 30. Rxd3 Qxd3 31. Ng6+ fxg6 32. Ne6+ Rxe6 33. fxe6 Qe3+ 34. Kh1 Qf3+ 35. Kg1 Qe3+ 1/2-1/2

[Event "Chojnice op-B 3rd"]
[Site "Chojnice"]
[Date "2007.07.20"]
[Round "9.10"]
[White "Kirsz, Krzysztof"]
[Black "Borchardt, Marcin"]
[Result "1/2-1/2"]
[WhiteElo "1678"]
[BlackElo "1761"]
[PlyCount "45"]
[EventDate "2007.07.13"]
[EventType "swiss"]
[EventRounds "9"]
[EventCountry "POL"]
[SourceTitle "EXT 2023"]
[Source "ChessBase"]
[SourceDate "2022.10.05"]
[SourceVersion "1"]
[SourceVersionDate "2022.10.05"]
[SourceQuality "1"]

1. e4 e5 2. Nf3 Nc6 3. Bb5 a6 4. Bxc6 dxc6 5. 0-0 Bg4 6. d3 f6 7. h3 Bh5 8. Be3 Qd7 9. Nbd2 0-0-0 10. Qe1 g5 11. Nh2 Bd6 12. Nc4 Ne7 13. f3 c5 14. Nxd6+ Qxd6 15. Qa5 Nc6 16. Qxc5 Qxc5 17. Bxc5 b6 18. Be3 Nb4 19. Rf2 Bf7 20. a3 Nc6 21. Ng4 Rd6 22. Nh6 Bg6 23. Raf1 1/2-1/2

[Event "Kowalewo Pomorskie op-B"]
[Site "Kowalewo Pomorskie"]
[Date "2007.07.14"]
[Round "7.12"]
[White "Choroszej, Aleksander"]
[Black "Kirsz, Krzysztof"]
[Result "1/2-1/2"]
[WhiteElo "1850"]
[BlackElo "1678"]
[PlyCount "57"]
[EventDate "2007.07.04"]
[EventType "swiss"]
[EventRounds "9"]
[EventCountry "POL"]
[SourceTitle "EXT 2023"]
[Source "ChessBase"]
[SourceDate "2022.10.05"]
[SourceVersion "1"]
[SourceVersionDate "2022.10.05"]
[SourceQuality "1"]

1. d4 Nf6 2. c4 g6 3. Nc3 Bg7 4. e4 d6 5. f4 0-0 6. Nf3 c6 7. Be2 d5 8. cxd5 cxd5 9. e5 Ne4 10. 0-0 Nxc3 11. bxc3 Qc7 12. Qb3 Rd8 13. Bd3 Nc6 14. f5 Bxf5 15. Bxf5 gxf5 16. Qc2 e6 17. Bg5 Rdc8 18. Qf2 h6 19. Bf4 Ne7 20. Rac1 Ng6 21. Be3 Qa5 22. Qd2 Kh7 23. h4 Rc6 24. Rc2 Rac8 25. Rfc1 Bf8 26. Rb1 Qc7 27. Rb3 b6 28. Qd3 a5 29. h5 1/2-1/2

[Event "Chojnice op-B 3rd"]
[Site "Chojnice"]
[Date "2007.07.14"]
[Round "1.1"]
[White "Kirsz, Krzysztof"]
[Black "Bokiej, Przemyslaw"]
[Result "0-1"]
[WhiteElo "1678"]
[BlackElo "1996"]
[PlyCount "63"]
[EventDate "2007.07.13"]
[EventType "swiss"]
[EventRounds "9"]
[EventCountry "POL"]
[SourceTitle "EXT 2023"]
[Source "ChessBase"]
[SourceDate "2022.10.05"]
[SourceVersion "1"]
[SourceVersionDate "2022.10.05"]
[SourceQuality "1"]

1. e4 e6 2. d4 d5 3. e5 c5 4. c3 Nc6 5. Nf3 Qb6 6. Be2 cxd4 7. cxd4 Nh6 8. Nc3 Nf5 9. Bb5 Bd7 10. Bxc6 Bxc6 11. 0-0 h5 12. a3 Be7 13. b4 g5 14. Na4 Qd8 15. Bb2 g4 16. Nd2 h4 17. Nc5 g3 18. h3 gxf2+ 19. Rxf2 Bg5 20. Rf3 Be3+ 21. Kh2 Bxd4 22. Bxd4 Nxd4 23. Rf4 Qg5 24. Rg4 Qxe5+ 25. Kh1 Nf5 26. Nf1 Bb5 27. Rc1 Bxf1 28. Qxf1 Ng3+ 29. Rxg3 hxg3 30. Qe1 Qxe1+ 31. Rxe1 b6 32. Na4 0-1

[Event "POL-chT Region 0607"]
[Site "Poland"]
[Date "2007.03.18"]
[Round "10"]
[White "Kirsz, Krzysztof"]
[Black "Drozdowski, Kacper"]
[Result "0-1"]
[WhiteElo "1683"]
[BlackElo "1980"]
[PlyCount "90"]
[EventDate "2006.11.12"]
[EventType "team"]
[EventRounds "11"]
[EventCountry "POL"]
[SourceTitle "EXT 2008"]
[Source "ChessBase"]
[SourceDate "2007.11.25"]
[SourceVersion "1"]
[SourceVersionDate "2007.11.25"]
[SourceQuality "1"]

1. e4 c5 2. Nc3 Nc6 3. f4 g6 4. Nf3 Bg7 5. Bc4 d6 6. 0-0 e6 7. d3 Nge7 8. Qe1 0-0 9. Bb3 Na5 10. h3 Nxb3 11. axb3 Nc6 12. Kh1 Nd4 13. Nxd4 cxd4 14. Nb5 a6 15. Qf2 Qb6 16. Na3 Qc6 17. Bd2 b5 18. Be1 Bd7 19. Rc1 f5 20. Qf3 fxe4 21. Qxe4 Qxe4 22. dxe4 Bc6 23. Bb4 Bxe4 24. Rce1 Bd5 25. Bxd6 Rfd8 26. Be5 Rac8 27. Bxg7 Kxg7 28. b4 Kf6 29. Kh2 h5 30. Rf2 Rd7 31. Rd2 Bb7 32. Rde2 Rc6 33. g4 hxg4 34. hxg4 Rh7+ 35. Kg3 Rd6 36. g5+ Kf7 37. Rd2 Rd8 38. Ree2 Rdh8 39. Rxd4 Ke7 40. Kf2 Rh1 41. Ke3 R8h3+ 42. Kd2 Bf3 43. Re1 R3h2+ 44. Ke3 Rxe1+ 45. Kxf3 Ree2 0-1

[Event "Torun op"]
[Site "Torun"]
[Date "2002.??.??"]
[Round "9"]
[White "Kirsz, Krzysztof"]
[Black "Spodzieja, Diogenes"]
[Result "0-1"]
[WhiteElo "1600"]
[BlackElo "1800"]
[PlyCount "94"]
[EventDate "2002.??.??"]
[EventType "swiss"]
[EventRounds "9"]
[EventCountry "POL"]
[SourceTitle "EXT 2007"]
[Source "ChessBase"]
[SourceDate "2006.11.23"]
[SourceVersion "1"]
[SourceVersionDate "2006.11.23"]
[SourceQuality "1"]

1. e4 e6 2. d4 d5 3. Nc3 Bb4 4. e5 c5 5. a3 Bxc3+ 6. bxc3 Ne7 7. Nf3 Nbc6 8. Be2 Nf5 9. Be3 Nxe3 10. fxe3 c4 11. 0-0 Bd7 12. Qd2 0-0 13. h3 Ne7 14. Rf2 Nc8 15. a4 Nb6 16. a5 Na4 17. Raf1 h6 18. Nh2 Qxa5 19. Bh5 Be8 20. e4 Qxc3 21. Qf4 Qxd4 22. Ng4 Qxe4 23. Qg3 Qd4 24. Kh1 Kh8 25. Bxf7 Rxf7 26. Rxf7 Bxf7 27. Rxf7 Rg8 28. Kh2 Nc5 29. Qf3 Ne4 30. Rxb7 h5 31. Qf7 Ng5 32. Qxh5+ Nh7 33. Nf6 Qf4+ 34. g3 Qd2+ 35. Kg1 Qc1+ 36. Kf2 Qxc2+ 37. Ke1 gxf6 38. exf6 Qc1+ 39. Kf2 Qd2+ 40. Kf1 Qd3+ 41. Ke1 Qxg3+ 42. Kd2 Qf4+ 43. Kc3 Qxf6+ 44. Kd2 Rg2+ 45. Kc1 Qc3+ 46. Kb1 Qe1+ 47. Qd1 Qxd1# 0-1

[Event "Torun op"]
[Site "Torun"]
[Date "2002.??.??"]
[Round "5"]
[White "Wodzynski, Michal"]
[Black "Kirsz, Krzysztof"]
[Result "1/2-1/2"]
[WhiteElo "1800"]
[BlackElo "1600"]
[PlyCount "81"]
[EventDate "2002.??.??"]
[EventType "swiss"]
[EventRounds "9"]
[EventCountry "POL"]
[SourceTitle "EXT 2007"]
[Source "ChessBase"]
[SourceDate "2006.11.23"]
[SourceVersion "1"]
[SourceVersionDate "2006.11.23"]
[SourceQuality "1"]

1. e4 c5 2. c3 Nc6 3. d4 cxd4 4. cxd4 d5 5. e5 e6 6. Nf3 Bb4+ 7. Nc3 Nge7 8. Bd3 Bxc3+ 9. bxc3 h6 10. Be3 Bd7 11. Qd2 Qc7 12. 0-0 a6 13. Ne1 b5 14. Rc1 Na5 15. Qe2 Nc4 16. Qg4 g5 17. Qe2 Nf5 18. Bxf5 exf5 19. f4 g4 20. Bf2 Be6 21. Bh4 h5 22. g3 Kf8 23. Nd3 Kg8 24. Nc5 Kh7 25. Rf2 Kg6 26. Rff1 Ra7 27. Kf2 Qc8 28. Rh1 Rc7 29. Nd3 Nb6 30. Nc5 Na4 31. Nxa4 bxa4 32. Qe3 Rb7 33. Rb1 a3 34. Qd3 Qb8 35. Qc2 Rc8 36. Rxb7 Qxb7 37. Rb1 Rxc3 38. Qxc3 Qxb1 39. Qxa3 Qc2+ 40. Ke3 Qe4+ 41. Kf2 1/2-1/2